Liczby podzielne przez 4 - nagła śmierć - Statystyki

Ogólne statystyki
  • Ten quiz został rozwiązany 324 razy
  • Średni wynik to 6 z 15
Answers on the Grid
Answers color-coded by a green-red scale on the quiz's grid according to % correct below.
24
74
58
88
46
96
154
292
666
964
300
750
1410
1944
2024
2112
1984
7776
44442
90000
23432
4554
62626
102
18
998
112
1918
404
38
 
Statystyki odpowiedzi
Odpowiedź % Poprawnych
24
65%
88
59%
404
55%
112
47%
2024
46%
96
45%
1944
40%
300
40%
1984
38%
2112
38%
964
36%
23432
34%
90000
32%
292
28%
7776
27%
Nie znaleziono quizów pasujących do podanych kryteriów
Rozkład punktacji
Procent ludzi z każdym wynikiem
Percentyl według liczby udzielonych odpowiedzi
Twoja historia wyników
Nie rozwiązałeś tego quizu